History Quiz

Random History or Decade Quiz

True or False Blitz: 1990s Quiz Stats

 Plays Quiz Updated Sep 19, 2017

Challenge
Share
Tweet
Embed
Score 0/20 Timer 02:00
6 Plays Today
Question Answer Wrong Answers
1990s MUSIC: Victoria Beckham was in the Spice Girls True
91.5%
False
3.7%
1990s MOVIES: 'Forrest Gump' won the Oscar for Best Picture True
87.1%
False
8.1%
1990s CELEBRITY: Princess Diana died in Paris True
86.1%
False
9.1%
1990s LITERATURE: 'The Firm' was written by John Grisham True
84.1%
False
10.8%
1990s ENTERTAINMENT: 'Lord of the Dance; and 'Riverdance' were shows that originated in Argentina False
81%
True
14%
1990s TELEVISION: 'Friends' was first broadcast in 1994 True
80.9%
False
14.2%
1990s MUSIC: Michael Jackson had no number one singles in the 1990s False
80.7%
True
14.5%
1990s HISTORY: The First Gulf War began in 1990 after Iraq invaded Kuwait True
80.4%
False
14.8%
1990s HISTORY: Fidel Castro stepped down as leader of Cuba in 1999 False
78.7%
True
16.4%
1990s LITERATURE: the first Harry Potter book was released in 1997 True
74.1%
False
21.2%
1990s POLITICS: Bill Clinton first became President of the USA in 1995 False
69.8%
True
25.4%
1990s GEOGRAPHY: Yugoslavia had ceased to exist before the 1990s began False
69.8%
True
25.4%
1990s HISTORY: the German word 'Wiedervereinigung' means 'Reunification' True
67.1%
False
28%
1990s SCIENCE: the International Space Station was launched in the 1990s True
64.4%
False
30.6%
1990s POLITICS: Jean Chr├ętien was one of the Prime Ministers of Canada in the 1990s True
63.2%
False
31.7%
1990s GEOGRAPHY: Tanzania's capital city was Dar-es-Salaam before it was Dodoma True
60.8%
False
34.1%
1990s HISTORY: Israeli Prime Minister Yitzhak Rabin died of natural causes in 1995 False
60.7%
True
34.5%
1990s SPORTS: the 1998 FIFA World Cup was hosted and won by Italy False
51.2%
True
43.9%
1990s AWARDS: Dario Fo, winner of the Nobel Prize for Literature, was Italian True
49.7%
False
45.2%
1990s SPORTS: Michael Schumacher won his first Formula 1 Championship in 1998, and his second one in 1999 False
34.8%
True
60.1%

You're not logged in!

Compare scores with friends on all Sporcle quizzes.
OR
Log In

You Might Also Like...

Show Comments

Extras

Top Quizzes Today


Score Distribution

Your Account Isn't Verified!

In order to create a playlist on Sporcle, you need to verify the email address you used during registration. Go to your Sporcle Settings to finish the process.

Report this User

Report this user for behavior that violates our Community Guidelines.

Details: